Score 0/20 Timer 05:00
1 Play Today
% Correct
Car Accident
89.2%
Dog
89%
Delivery for
Susie Derkins
87.9%
Snow Mutant
87.7%
Death by Ice
Cream Scoop
87.2%
Dad the Slave Driver
86%
Snow Chicken's Revenge
85.9%
Bowling
85.6%
Snow Sharks
85.6%
Prophets of Doom
81.5%
% Correct
Explorer
81%
Contemplation
80.4%
Picket Line
79.6%
House of Horrors
79%
Suicidal
76.9%
Nausea
76.3%
Snowman Crossing
75.5%
Sports Gone Wrong
73.1%
Snow Art
67.1%
Crash Test Dummy
57.9%
Remove Ads.
Support Sporcle.
Get the best of Sporcle when you Go Orange. This ad-free experience offers more features, more stats, and more fun while also helping to support Sporcle. Thank you for becoming a member.

You're not logged in!

Compare scores with friends on all Sporcle quizzes.
OR
Log In

Show Comments

Extras

Top Quizzes Today


Score Distribution

Your Account Isn't Verified!

In order to create a playlist on Sporcle, you need to verify the email address you used during registration. Go to your Sporcle Settings to finish the process.

Report this User

Report this user for behavior that violates our Community Guidelines.

Details: